[Event "Mercredi 2019.05.08 ABCD"]
[Site "Montreal CAN"]
[Date "2019.05.29"]
[Round "4"]
[White "Gates, Claude-Eric"]
[Black "Guipi Bopala, Prince Eric jr"]
[Result "1-0"]
[WhiteElo "1849"]
[BlackElo "1824"]
[PlyCount "39"]
[EventDate "2019.05.08"]
[EventType "tourn"]
[EventRounds "5"]
[EventCountry "CAN"]

1. e4 e5 2. Nf3 Nc6 3. Bc4 Bc5 4. b4 Bxb4 5. c3 Ba5 6. d4 exd4 7. O-O Nge7 8.
Ng5 Ne5 9. Nxf7 Nxf7 10. Bxf7+ Kxf7 11. Qh5+ g6 12. Qxa5 dxc3 13. Nxc3 d6 14.
Bh6 Re8 15. f4 Kg8 16. Bg5 Qd7 17. Rad1 b6 18. Qb4 a5 19. Qc4+ Qe6 20. Qxc7 1-0

[Event "Mercredi 2019.05.08 ABCD"]
[Site "Montreal CAN"]
[Date "2019.05.29"]
[Round "4"]
[White "Gauthier, Luc"]
[Black "Alcantara, Maximo jr"]
[Result "0-1"]
[WhiteElo "1759"]
[BlackElo "1706"]
[PlyCount "72"]
[EventDate "2019.05.08"]
[EventType "tourn"]
[EventRounds "5"]
[EventCountry "CAN"]

1. e4 c6 2. d4 d5 3. exd5 cxd5 4. Bd3 a6 5. c3 g6 6. Bf4 Bg7 7. Nf3 Nf6 8. h3
Nc6 9. Nbd2 O-O 10. O-O Re8 11. Re1 b5 12. Ne5 Nxe5 13. Bxe5 Nd7 14. Bxg7 Kxg7
15. Nf3 e6 16. a4 Rb8 17. axb5 axb5 18. Qe2 b4 19. Ne5 Qc7 20. cxb4 Nxe5 21.
dxe5 Rxb4 22. Rec1 Qb8 23. Rc2 Bd7 24. Rac1 Ba4 25. Rc7 Rxb2 26. Qf3 Rf8 27.
Qf6+ Kg8 28. h4 Rb7 29. Rxb7 Qxb7 30. h5 Qb2 31. Rc7 Qd2 32. hxg6 Qd1+ 33. Kh2
Qh5+ 34. Kg1 hxg6 35. f3 Qh6 36. Ra7 Qe3+ 0-1

[Event "Mercredi 2019.05.08 ABCD"]
[Site "Montreal CAN"]
[Date "2019.05.29"]
[Round "4"]
[White "Li, Yi Lin"]
[Black "Beaulieu, Pierre"]
[Result "1-0"]
[WhiteElo "2047"]
[BlackElo "1934"]
[PlyCount "65"]
[EventDate "2019.05.08"]
[EventType "tourn"]
[EventRounds "5"]
[EventCountry "CAN"]

1. e4 b6 2. d4 Bb7 3. Bd3 e6 4. Nf3 Nf6 5. e5 Ne4 6. O-O h6 7. Ne1 c5 8. c3 Qh4
9. f3 Ng5 10. f4 cxd4 11. cxd4 Be7 12. Nc3 Nc6 13. Be3 Nb4 14. fxg5 hxg5 15. h3
Bxg2 16. Nxg2 Qxh3 17. Kf2 Nxd3+ 18. Qxd3 g4 19. Qe4 Rc8 20. Rh1 g3+ 21. Ke2
Qxh1 22. Rxh1 Rxh1 23. Qb7 Rd8 24. Ne4 Rh2 25. Nd6+ Kf8 26. Qf3 f6 27. Qxg3 Rh1
28. Nh4 Bxd6 29. exd6 Rc8 30. Ng6+ Kf7 31. Ne5+ Kf8 32. Nxd7+ Ke8 33. Qxg7 1-0

[Event "Mercredi 2019.05.08 ABCD"]
[Site "Montreal CAN"]
[Date "2019.05.29"]
[Round "4"]
[White "Lopez Linares, Lizandro"]
[Black "Pomerantz, Daniel"]
[Result "0-1"]
[WhiteElo "2232"]
[BlackElo "2156"]
[PlyCount "90"]
[EventDate "2019.05.08"]
[EventType "tourn"]
[EventRounds "5"]
[EventCountry "CAN"]

1. d4 Nf6 2. Nf3 e6 3. Bg5 h6 4. Bh4 d6 5. Nc3 g5 6. Bg3 Nh5 7. e4 Nd7 8. Bc4
Bg7 9. Qd3 Qe7 10. O-O-O a6 11. a4 Nxg3 12. hxg3 c5 13. dxc5 Nxc5 14. Qe3 Bd7
15. e5 d5 16. Rxd5 Nxa4 17. Rd6 Nxc3 18. bxc3 Rc8 19. Bb3 Rxc3 20. Qb6 Bc6 21.
Rhd1 O-O 22. Qd4 Bxf3 23. Qxc3 Bxd1 24. Rxd1 Qa3+ 25. Kb1 a5 26. Qd4 b5 27. Rd3
Qe7 28. f4 a4 29. Ba2 Rc8 30. Kc1 Qc7 31. c3 Qc6 32. f5 exf5 33. Qd7 Qxd7 34.
Rxd7 Rxc3+ 35. Kd2 Rxg3 36. Bxf7+ Kf8 37. e6 Rxg2+ 38. Kd3 Bf6 39. Bg6 Be7 40.
Rb7 b4 41. Bxf5 a3 42. Be4 a2 43. Rb8+ Kg7 44. Ra8 b3 45. Bd5 Rg1 0-1

[Event "Mercredi 2019.05.08 ABCD"]
[Site "Montreal CAN"]
[Date "2019.05.29"]
[Round "4"]
[White "O'Connor, Michael"]
[Black "Autotte, Daniel"]
[Result "1-0"]
[WhiteElo "1750"]
[BlackElo "1727"]
[PlyCount "97"]
[EventDate "2019.05.08"]
[EventType "tourn"]
[EventRounds "5"]
[EventCountry "CAN"]

1. d4 d5 2. c4 c6 3. Nf3 Nf6 4. Bg5 Ne4 5. Bf4 e6 6. Nfd2 f5 7. a3 a5 8. Qc2
Be7 9. f3 Nxd2 10. Nxd2 O-O 11. e3 Nd7 12. Bd3 Nf6 13. Bg3 Nh5 14. Bf2 g6 15.
O-O b6 16. cxd5 cxd5 17. Rac1 Ba6 18. Bxa6 Rxa6 19. Qc7 Ra8 20. Qxd8 Bxd8 21.
Rc6 Kf7 22. Rfc1 g5 23. Nb1 Nf6 24. Nc3 Be7 25. Nb5 Bd8 26. Bg3 Ne8 27. Nd6+
Nxd6 28. Bxd6 Re8 29. Kf2 h6 30. Ke2 Ra7 31. Kd3 Rb7 32. b4 Be7 33. Rc7 Rxc7
34. Rxc7 axb4 35. Bxb4 Kf6 36. Kc3 Bd8 37. Rc8 e5 38. Bd6 exd4+ 39. Kxd4 Ke6
40. Be5 Kd7 41. Ra8 Kc6 42. Rc8+ Kd7 43. Rc3 b5 44. Kxd5 Bb6 45. Bd4 Ba5 46.
Rc5 Bc7 47. h3 Rb8 48. Rxc7+ Kxc7 49. Be5+ 1-0

[Event "Mercredi 2019.05.08 ABCD"]
[Site "Montreal CAN"]
[Date "2019.05.29"]
[Round "4"]
[White "Zheng, Richard"]
[Black "Yu, Zong Yang"]
[Result "0-1"]
[WhiteElo "2170"]
[BlackElo "2484"]
[PlyCount "74"]
[EventDate "2019.05.08"]
[EventType "tourn"]
[EventRounds "5"]
[EventCountry "CAN"]

1. b3 Nf6 2. Bb2 g6 3. Nc3 d6 4. d4 Bg7 5. Qd2 O-O 6. O-O-O Nbd7 7. f3 c6 8. g4
b5 9. h4 a5 10. h5 a4 11. hxg6 fxg6 12. e4 axb3 13. axb3 Qc7 14. Nh3 e5 15. Ng5
exd4 16. Qxd4 Ne5 17. Bxb5 cxb5 18. Nxb5 Qa5 19. Nxd6 h6 20. Nc4 Nc6 21. Nxa5
Nxd4 22. Bxd4 Rxa5 23. Nh3 Nxg4 24. Bxg7 Kxg7 25. fxg4 Bxg4 26. Rde1 Ra1+ 27.
Kd2 Rd8+ 28. Ke3 Rxe1+ 29. Rxe1 Bxh3 30. c4 Be6 31. Rc1 Rb8 32. Rc3 Kf6 33. Kd4
Rd8+ 34. Ke3 Ke5 35. b4 Rd4 36. c5 Rxb4 37. c6 Rc4 0-1

[Event "Mercredi 2019.05.08 ABCD"]
[Site "Montreal CAN"]
[Date "2019.06.05"]
[Round "5"]
[White "Alcantara, Maximo jr"]
[Black "O'Connor, Michael"]
[Result "1-0"]
[WhiteElo "1706"]
[BlackElo "1750"]
[PlyCount "35"]
[EventDate "2019.05.08"]
[EventType "tourn"]
[EventRounds "5"]
[EventCountry "CAN"]

1. Nf3 d5 2. d4 Nf6 3. g3 g6 4. Bg2 Bg7 5. c3 O-O 6. O-O c6 7. Re1 Nbd7 8. Nbd2
Qc7 9. e4 dxe4 10. Nxe4 Nxe4 11. Rxe4 e5 12. dxe5 Nxe5 13. Nxe5 Bxe5 14. Qe1
Bd6 15. Bh6 Rd8 16. Re8+ Bf8 17. Bxf8 Be6 18. Bd6+ 1-0

[Event "Mercredi 2019.05.08 ABCD"]
[Site "Montreal CAN"]
[Date "2019.06.05"]
[Round "5"]
[White "Audet, Eric"]
[Black "Nardone, Raul"]
[Result "1/2-1/2"]
[WhiteElo "1829"]
[BlackElo "1765"]
[PlyCount "56"]
[EventDate "2019.05.08"]
[EventType "tourn"]
[EventRounds "5"]
[EventCountry "CAN"]

1. e4 c5 2. Nf3 e6 3. d4 cxd4 4. Nxd4 a6 5. c4 Nf6 6. Bd3 Qc7 7. Nc3 Bd6 8. h3
Nc6 9. Nxc6 bxc6 10. Be3 Rb8 11. Rb1 c5 12. O-O Bh2+ 13. Kh1 h5 14. f4 Bg3 15.
Ne2 h4 16. Nxg3 hxg3 17. Qf3 Nh5 18. e5 Bb7 19. Be4 Bxe4 20. Qxe4 g6 21. Qf3
O-O 22. b3 Rfc8 23. Rbd1 Rb6 24. Rd3 Rb7 25. Rfd1 Rd8 26. R1d2 Ra7 27. Rd6 Ng7
28. R6d3 Nf5 1/2-1/2

[Event "Mercredi 2019.05.08 ABCD"]
[Site "Montreal CAN"]
[Date "2019.06.05"]
[Round "5"]
[White "Autotte, Daniel"]
[Black "Allaire, Denis"]
[Result "0-1"]
[WhiteElo "1727"]
[BlackElo "1685"]
[PlyCount "138"]
[EventDate "2019.05.08"]
[EventType "tourn"]
[EventRounds "5"]
[EventCountry "CAN"]

1. d4 d5 2. Nf3 Bg4 3. e3 Nc6 4. Be2 Nf6 5. Nbd2 e6 6. a3 Bd6 7. c4 dxc4 8.
Nxc4 Be7 9. O-O O-O 10. Qc2 Bf5 11. Bd3 Bxd3 12. Qxd3 Qd5 13. b3 Ne4 14. Bb2 a6
15. Rac1 Rad8 16. Qc2 f5 17. Nfe5 Nxe5 18. Nxe5 c6 19. f3 Nf6 20. Rfe1 Nd7 21.
e4 Qb5 22. a4 Qb6 23. Nc4 Qc7 24. exf5 Rxf5 25. Rxe6 Rf7 26. Rce1 Bb4 27. R1e2
Nf8 28. R6e4 Rf4 29. Rxf4 Qxf4 30. Qe4 Ng6 31. g3 Qf7 32. Qe6 Qxe6 33. Rxe6 c5
34. Rd6 Rxd6 35. Nxd6 cxd4 36. Nf5 Bc3 37. Bxc3 dxc3 38. Ne3 Ne5 39. Kf2 Nd3+
40. Ke2 Nc5 41. f4 Nxb3 42. Kd3 Nc5+ 43. Kxc3 Nxa4+ 44. Kb4 Nb6 45. Ka5 Nc8 46.
g4 Kf7 47. Nf5 Kf6 48. Ne3 Ke6 49. h4 h5 50. f5+ Ke5 51. gxh5 Nd6 52. Kb6 Nxf5
53. Nc4+ Kd5 54. Na5 Nd6 55. Nb3 Nc4+ 56. Kxb7 a5 57. Kc7 a4 58. Na1 a3 59. Kd7
Ne3 60. Ke7 Ke5 61. Kf7 Nf5 62. Kg6 a2 63. Nb3 Kf4 64. Na1 Kg4 65. Nb3 Kxh4 66.
Kxf5 Kxh5 67. Kf4 Kh4 68. Kf3 Kg5 69. Kg3 Kf5 0-1

[Event "Mercredi 2019.05.08 ABCD"]
[Site "Montreal CAN"]
[Date "2019.06.05"]
[Round "5"]
[White "Beaulieu, Pierre"]
[Black "Boudreau, Daniel"]
[Result "0-1"]
[WhiteElo "1934"]
[BlackElo "2023"]
[PlyCount "55"]
[EventDate "2019.05.08"]
[EventType "tourn"]
[EventRounds "5"]
[EventCountry "CAN"]

1. b3 Nf6 2. Bb2 e6 3. e3 b6 4. f4 Bb7 5. Nf3 Be7 6. Be2 O-O 7. O-O c5 8. Bd3
d5 9. Qe1 Ne4 10. Nc3 f5 11. Ne2 Nc6 12. Ng3 Bf6 13. c3 Nb4 14. Qb1 Nxd3 15.
Qxd3 a5 16. Qc2 a4 17. Nh5 a3 18. Nxf6+ Rxf6 19. Bc1 c4 20. Re1 Rh6 21. d3 cxd3
22. Qxd3 g5 23. fxg5 Rh5 24. Bd2 Qd6 25. Qd4 Nxg5 26. Nxg5 Qxh2+ 27. Kf1 Rxg5
28. Re2 0-1

[Event "Mercredi 2019.05.08 ABCD"]
[Site "Montreal CAN"]
[Date "2019.06.05"]
[Round "5"]
[White "Fortin-Lavoie, Patrice"]
[Black "Gates, Claude-Eric"]
[Result "1-0"]
[WhiteElo "1803"]
[BlackElo "1849"]
[PlyCount "69"]
[EventDate "2019.05.08"]
[EventType "tourn"]
[EventRounds "5"]
[EventCountry "CAN"]

1. c4 e5 2. Nc3 Nc6 3. e3 g6 4. Nf3 Bg7 5. Rb1 d6 6. d3 Nge7 7. b4 O-O 8. b5
Nb8 9. Qb3 Nd7 10. Ba3 b6 11. Be2 Kh8 12. h4 Nf6 13. Ng5 h5 14. Bf3 Rb8 15. O-O
Nh7 16. Nce4 f6 17. Nxh7 Kxh7 18. Qa4 Bg4 19. Bxg4 hxg4 20. Qd1 Qd7 21. d4 Bh6
22. dxe5 fxe5 23. c5 bxc5 24. Nxc5 Qf5 25. Na6 Rbc8 26. g3 Qe6 27. Qe2 Rf3 28.
Rbc1 Nd5 29. Qc4 Bxe3 30. fxe3 Rxg3+ 31. Kh2 Rxe3 32. Nb4 g3+ 33. Kg2 Rxa3 34.
Nxd5 Qd7 35. Nf6+ 1-0

[Event "Mercredi 2019.05.08 ABCD"]
[Site "Montreal CAN"]
[Date "2019.06.05"]
[Round "5"]
[White "Giurgiev, Silvius"]
[Black "Gauthier, Luc"]
[Result "1-0"]
[WhiteElo "1687"]
[BlackElo "1759"]
[PlyCount "89"]
[EventDate "2019.05.08"]
[EventType "tourn"]
[EventRounds "5"]
[EventCountry "CAN"]

1. e4 Nf6 2. e5 Nd5 3. c4 Nb6 4. d4 d6 5. exd6 exd6 6. Nc3 Be7 7. Be3 O-O 8. b3
Nc6 9. Rc1 Bf5 10. Bd3 Qd7 11. Nge2 Nb4 12. Bxf5 Qxf5 13. O-O Rfe8 14. Ng3 Qg6
15. Qd2 Nc6 16. Nce2 Qg4 17. Kh1 g6 18. f4 Qd7 19. f5 Qd8 20. fxg6 hxg6 21. Rf3
d5 22. c5 Nd7 23. Rcf1 Rf8 24. Bh6 f5 25. Bxf8 Nxf8 26. Nxf5 Bg5 27. Ne3 Ne6
28. Qc3 Ne7 29. Ng4 Nf5 30. Ne5 Qe8 31. Nxg6 Ne3 32. Rxe3 Bxe3 33. Qxe3 Qxg6
34. Qe5 Rd8 35. Rf6 Qb1+ 36. Ng1 Ng7 37. Qe7 Re8 38. Qf7+ Kh7 39. Rf3 Re6 40.
Rh3+ Rh6 41. Rxh6+ Kxh6 42. Qxd5 Qxa2 43. h4 Qf2 44. Nf3 Nh5 45. Qg5+ 1-0

[Event "Mercredi 2019.05.08 ABCD"]
[Site "Montreal CAN"]
[Date "2019.06.05"]
[Round "5"]
[White "Guipi Bopala, Prince Eric jr"]
[Black "Barko, Maxim"]
[Result "1/2-1/2"]
[WhiteElo "1824"]
[BlackElo "1832"]
[PlyCount "65"]
[EventDate "2019.05.08"]
[EventType "tourn"]
[EventRounds "5"]
[EventCountry "CAN"]

1. d4 g6 2. Bf4 Bg7 3. Nc3 d6 4. Qd2 Nd7 5. e4 c5 6. dxc5 Nxc5 7. Bb5+ Bd7 8.
Bxd7+ Qxd7 9. Nge2 Rc8 10. O-O e5 11. Be3 Nf6 12. f3 h5 13. Rfd1 Rd8 14. a4 a6
15. b4 Ne6 16. Bb6 Nc7 17. b5 Bf8 18. bxa6 bxa6 19. Qd3 Ra8 20. Rab1 Be7 21.
Rb3 O-O 22. Be3 Rfb8 23. Rdb1 Rxb3 24. Rxb3 Kg7 25. Rb7 Qc8 26. Rb1 Rb8 27. Qc4
Rxb1+ 28. Nxb1 Qb7 29. Nbc3 Ne6 30. Qb3 Qc6 31. Qb6 Qc4 32. Qb3 Qc6 33. Qb6
1/2-1/2

[Event "Mercredi 2019.05.08 ABCD"]
[Site "Montreal CAN"]
[Date "2019.06.05"]
[Round "5"]
[White "Jacquet, Stephane"]
[Black "Baran, Marius"]
[Result "1-0"]
[WhiteElo "1938"]
[BlackElo "1857"]
[PlyCount "181"]
[EventDate "2019.05.08"]
[EventType "tourn"]
[EventRounds "5"]
[EventCountry "CAN"]

1. d4 Nf6 2. c4 c5 3. d5 b5 4. cxb5 a6 5. bxa6 Bxa6 6. Nc3 g6 7. e4 Bxf1 8.
Kxf1 d6 9. g3 Bg7 10. Kg2 O-O 11. Nge2 Qb6 12. Qc2 Nbd7 13. Bd2 Rfb8 14. Rab1
Ng4 15. h3 Nge5 16. b3 Qa6 17. a4 Nd3 18. Nb5 Nb4 19. Bxb4 cxb4 20. Ned4 Bxd4
21. Nxd4 Ne5 22. Nc6 Nxc6 23. dxc6 Rc8 24. Rbc1 Rc7 25. Qd2 Rb8 26. Rc4 Rxc6
27. Rxb4 Rbc8 28. Rb5 Rc2 29. Qd4 Qc6 30. Rb6 Qc3 31. Qxc3 R8xc3 32. a5 Ra2 33.
a6 Re3 34. b4 Rxe4 35. b5 Ree2 36. Rf1 Ra5 37. Rb7 Rea2 38. Re1 e6 39. h4 h5
40. Rd1 d5 41. Rc1 Kg7 42. Rcc7 Kf6 43. Rxf7+ Ke5 44. a7 Kd4 45. Rfc7 e5 46. b6
e4 47. Re7 R5a3 48. Rb8 e3 49. Rxe3 Rxe3 50. a8=Q Ree2 51. Qxa2 Rxa2 52. Rg8
Rb2 53. Rxg6 Kd3 54. Kf3 d4 55. g4 hxg4+ 56. Kxg4 Ke2 57. f4 d3 58. Rd6 d2 59.
Re6+ Kf2 60. Rd6 Ke2 61. f5 d1=Q 62. Rxd1 Kxd1 63. f6 Rxb6 64. Kg5 Rb2 65. f7
Rf2 66. Kg6 Ke2 67. h5 Rg2+ 68. Kh6 Rf2 69. Kg7 Rg2+ 70. Kh7 Rf2 71. Kg8 Rg2+
72. Kh8 Rf2 73. Kg8 Rg2+ 74. Kf8 Rh2 75. Ke7 Rxh5 76. f8=Q Re5+ 77. Kd6 Re3 78.
Qf5 Rd3+ 79. Kc5 Rf3 80. Qg4 Ke3 81. Kd5 Rf4 82. Qg3+ Rf3 83. Qe5+ Kf2 84. Kd4
Rg3 85. Qf4+ Rf3 86. Qh2+ Ke1 87. Ke4 Rf2 88. Qg1+ Ke2 89. Qc1 Rf1 90. Qc2+ Ke1
91. Ke3 1-0

[Event "Mercredi 2019.05.08 ABCD"]
[Site "Montreal CAN"]
[Date "2019.05.24"]
[Round "5"]
[White "Nunez, Omar"]
[Black "Li, Yi Lin"]
[Result "0-1"]
[WhiteElo "1899"]
[BlackElo "2047"]
[PlyCount "88"]
[EventDate "2019.05.08"]
[EventType "tourn"]
[EventRounds "5"]
[EventCountry "CAN"]

1. f4 d5 2. Nf3 Nf6 3. g3 c5 4. Bg2 Nc6 5. d3 g6 6. O-O Bg7 7. Qe1 d4 8. e4
dxe3 9. Bxe3 Ng4 10. Bc1 O-O 11. h3 Nd4 12. Na3 Nxf3+ 13. Bxf3 Nh6 14. Kg2 Nf5
15. Qf2 Qc7 16. c3 Rb8 17. Nc2 Rd8 18. g4 Nd6 19. Be3 b6 20. Rad1 e5 21. fxe5
Bxe5 22. Kg1 Be6 23. d4 cxd4 24. Bxd4 Nc4 25. b3 Bg3 26. Qg2 Nb2 27. Rb1 Nd3
28. Rbd1 Nf4 29. Qh1 Bd5 30. Bxd5 Ne2+ 31. Kg2 Rxd5 32. Rf3 Re8 33. Qf1 Nxd4
34. Nxd4 Be5 35. Rfd3 Bxd4 36. cxd4 Qe7 37. R1d2 h5 38. Qf3 Qd7 39. Rf2 hxg4
40. hxg4 Rg5 41. Kh3 f5 42. Re2 Qh7+ 43. Kg3 Rxg4+ 44. Kf2 Qh4+ 0-1

[Event "Mercredi 2019.05.08 ABCD"]
[Site "Montreal CAN"]
[Date "2019.06.05"]
[Round "5"]
[White "Pomerantz, Daniel"]
[Black "Zheng, Richard"]
[Result "1/2-1/2"]
[WhiteElo "2156"]
[BlackElo "2170"]
[PlyCount "82"]
[EventDate "2019.05.08"]
[EventType "tourn"]
[EventRounds "5"]
[EventCountry "CAN"]

1. e4 c6 2. d4 d5 3. e5 c5 4. dxc5 e6 5. a3 Bxc5 6. Nf3 Nc6 7. b4 Bb6 8. Bb2
Nh6 9. Bd3 O-O 10. O-O Nf5 11. Bxf5 exf5 12. Re1 Be6 13. Nc3 Qd7 14. Ne2 Rfd8
15. Ned4 Nxd4 16. Bxd4 Qc7 17. Qd2 h6 18. Bxb6 Qxb6 19. Nd4 Rac8 20. h4 Rc4 21.
Rad1 a6 22. Re3 Qc7 23. Qe2 Qb6 24. Red3 Qc7 25. Qe3 Rc8 26. Qg3 Rc3 27. Rxc3
Qxc3 28. Qxc3 Rxc3 29. Rd3 Rc4 30. f4 h5 31. Kf2 Kf8 32. Ke3 Ke8 33. g3 g6 34.
Rb3 Bd7 35. Kd3 Bb5 36. Nxb5 axb5 37. Rc3 b6 38. Rxc4 dxc4+ 39. Ke3 Kd7 40. Kd2
Kc6 41. Ke2 Kd7 1/2-1/2

[Event "Mercredi 2019.05.08 ABCD"]
[Site "Montreal CAN"]
[Date "2019.06.05"]
[Round "5"]
[White "Yu, Zong Yang"]
[Black "Feoktistov, Dmitri"]
[Result "1-0"]
[WhiteElo "2484"]
[BlackElo "2198"]
[PlyCount "61"]
[EventDate "2019.05.08"]
[EventType "tourn"]
[EventRounds "5"]
[EventCountry "CAN"]

1. e4 c6 2. d4 d5 3. f3 dxe4 4. fxe4 e5 5. Nf3 Be6 6. c3 Nf6 7. Bd3 Nbd7 8. O-O
Qc7 9. Kh1 O-O-O 10. Be3 Kb8 11. Nbd2 h5 12. Bg5 Bd6 13. Bc4 Rde8 14. Bxe6 Rxe6
15. Qc2 Ng4 16. Nc4 exd4 17. Nxd6 Rxd6 18. cxd4 Rg6 19. Qd2 Ka8 20. Rae1 Nf8
21. d5 Nh7 22. Bf4 Qd8 23. Nd4 cxd5 24. Nb5 Rc6 25. exd5 Rc5 26. a4 g5 27. Bc7
Rxc7 28. Qd4 Kb8 29. d6 Rc2 30. Qxa7+ Kc8 31. Qa8+ 1-0

[Event "Mercredi 2019.09.04 ABCD"]
[Site "Montreal CAN"]
[Date "2019.09.04"]
[Round "1"]
[White "Audet, Eric"]
[Black "Giurgiev, Silvius"]
[Result "1/2-1/2"]
[WhiteElo "1794"]
[BlackElo "1774"]
[PlyCount "54"]
[EventDate "2019.09.04"]
[EventType "tourn"]
[EventRounds "5"]
[EventCountry "CAN"]

1. e4 c6 2. d4 d5 3. Nc3 dxe4 4. Nxe4 Bf5 5. Ng3 Bg6 6. Nf3 e6 7. Ne5 Nf6 8. h4
Nbd7 9. Nxd7 Qxd7 10. h5 Bf5 11. Nxf5 exf5 12. Be2 Be7 13. c3 h6 14. Qc2 Ne4
15. Be3 Qe6 16. Rh3 Bg5 17. Bxg5 hxg5 18. Re3 Qd6 19. Bf3 O-O-O 20. Bxe4 fxe4
21. Qxe4 Qh2 22. Qf5+ Kb8 23. Qe5+ Qxe5 24. Rxe5 Rxh5 25. O-O-O Kc7 26. Rde1 f6
27. Rf5 Rhh8 1/2-1/2

[Event "Mercredi 2019.09.04 ABCD"]
[Site "Montreal CAN"]
[Date "2019.09.04"]
[Round "1"]
[White "Baran, Marius"]
[Black "Brassard, Sylvain"]
[Result "1-0"]
[WhiteElo "1815"]
[BlackElo "1758"]
[PlyCount "99"]
[EventDate "2019.09.04"]
[EventType "tourn"]
[EventRounds "5"]
[EventCountry "CAN"]

1. e4 Nf6 2. e5 Nd5 3. d4 d6 4. Bc4 Nb6 5. Bb3 Nc6 6. e6 fxe6 7. Nf3 Qd7 8. Ng5
Nd8 9. O-O g6 10. Re1 d5 11. Qd3 e5 12. dxe5 e6 13. Nd2 Nf7 14. f4 c5 15. c4
dxc4 16. Bxc4 Qxd3 17. Bxd3 Nxg5 18. fxg5 Bg7 19. b3 Bd7 20. Bb2 Bc6 21. Be4
Rc8 22. Rac1 Nd7 23. Bxc6 Rxc6 24. Rcd1 O-O 25. Nc4 Rc7 26. Nd6 a6 27. a4 Rd8
28. Ne4 Rdc8 29. Nf6+ Nxf6 30. exf6 Bf8 31. Rxe6 Kf7 32. Re4 h6 33. h4 h5 34.
Ba3 Re8 35. Rxe8 Kxe8 36. Kf2 Rc6 37. Kf3 b5 38. axb5 axb5 39. Rc1 Kd7 40. g4
hxg4+ 41. Kxg4 b4 42. Bb2 Re6 43. Rf1 Re2 44. Bc1 Re4+ 45. Bf4 Re2 46. h5 gxh5+
47. Kxh5 Ke6 48. Kg6 Rb2 49. Rf3 Rb1 50. Re3+ 1-0

[Event "Mercredi 2019.09.04 ABCD"]
[Site "Montreal CAN"]
[Date "2019.09.04"]
[Round "1"]
[White "Beaulieu, Pierre"]
[Black "Templonuevo, Mark Geryl"]
[Result "0-1"]
[WhiteElo "1857"]
[BlackElo "1843"]
[PlyCount "64"]
[EventDate "2019.09.04"]
[EventType "tourn"]
[EventRounds "5"]
[EventCountry "CAN"]

1. b3 e5 2. Bb2 Nc6 3. e3 d5 4. Bb5 Bd6 5. Nf3 Qe7 6. d4 e4 7. Ne5 Qg5 8. Kf1
Nge7 9. h4 Qh6 10. Nc3 a6 11. Nxc6 bxc6 12. Be2 f5 13. g4 fxg4 14. Bxg4 O-O 15.
Bxc8 Raxc8 16. Qe2 Rf3 17. Nd1 Rcf8 18. Ke1 Nf5 19. Kd2 Nxe3 20. fxe3 c5 21. c3
cxd4 22. cxd4 Bg3 23. Rh2 Bxh4 24. Rc1 R8f7 25. Rc5 c6 26. Qxa6 Be1+ 27. Kxe1
Qxh2 28. Rxc6 g5 29. Ba3 Qg2 30. Rc8+ Kg7 31. Bf8+ Rxf8 32. Rxf8 Rxf8 0-1

[Event "Mercredi 2019.09.04 ABCD"]
[Site "Montreal CAN"]
[Date "2019.09.04"]
[Round "1"]
[White "Guipi Bopala, Prince Eric jr"]
[Black "Dumouchel, Alain"]
[Result "1-0"]
[WhiteElo "1872"]
[BlackElo "1835"]
[PlyCount "69"]
[EventDate "2019.09.04"]
[EventType "tourn"]
[EventRounds "5"]
[EventCountry "CAN"]

1. d4 Nf6 2. c4 g6 3. Nc3 Bg7 4. e4 d6 5. f3 O-O 6. Be3 Nc6 7. Nge2 e5 8. d5
Ne7 9. Qd2 c6 10. Bh6 b5 11. Bxg7 Kxg7 12. cxb5 cxd5 13. Nxd5 Nfxd5 14. exd5
Bb7 15. Nc3 Qa5 16. O-O-O Rfc8 17. Kb1 Rc5 18. Ne4 Qxd2 19. Rxd2 Rxd5 20. Rxd5
Bxd5 21. Nxd6 Rd8 22. Nc4 e4 23. Be2 exf3 24. gxf3 Bxc4 25. Bxc4 Rd2 26. Re1
Nf5 27. Re2 Rxe2 28. Bxe2 Nd4 29. Bd3 Nxf3 30. a4 Ne5 31. Kc2 Kf8 32. a5 Ke7
33. Be4 Kd8 34. b6 axb6 35. a6 1-0

[Event "Mercredi 2019.09.04 ABCD"]
[Site "Montreal CAN"]
[Date "2019.09.04"]
[Round "1"]
[White "Kapush, Oleksandr"]
[Black "Nesterov, Timour"]
[Result "1/2-1/2"]
[WhiteElo "1941"]
[BlackElo "1893"]
[PlyCount "98"]
[EventDate "2019.09.04"]
[EventType "tourn"]
[EventRounds "5"]
[EventCountry "CAN"]

1. e4 e6 2. d3 b6 3. g3 Bb7 4. Bg2 f5 5. Nc3 Nf6 6. Nge2 Be7 7. O-O fxe4 8.
dxe4 e5 9. Nd5 Nxd5 10. exd5 d6 11. f4 Bf6 12. fxe5 dxe5 13. Nc3 O-O 14. Ne4
Nd7 15. Be3 Be7 16. Qh5 Rxf1+ 17. Rxf1 Bxd5 18. Ng5 Nf6 19. Rxf6 Bxf6 20. Qxh7+
Kf8 21. Qf5 Qd6 22. Ne4 Qc6 23. c4 Be6 24. Qf2 Qd7 25. Nxf6 Qd1+ 26. Qf1 Qxf1+
27. Kxf1 Bxc4+ 28. Kf2 Rd8 29. Ng4 Bxa2 30. Nxe5 a5 31. Bc6 Rd1 32. Ke2 Rd6 33.
Bf4 Ke7 34. Be4 Ke6 35. Nc6 Rd7 36. g4 Kf6 37. Bf5 Be6 38. Be5+ Kf7 39. Bxe6+
Kxe6 40. Bc3 Kd5 41. Nd4 Kc4 42. Nf3 Re7+ 43. Kd2 a4 44. h4 b5 45. Ne5+ Kb3 46.
Nd3 Rd7 47. Ke3 Re7+ 48. Kd2 Rd7 49. Ke3 Re7+ 1/2-1/2

[Event "Mercredi 2019.09.04 ABCD"]
[Site "Montreal CAN"]
[Date "2019.09.04"]
[Round "1"]
[White "Lewicki, Philip"]
[Black "Gates, Claude-Eric"]
[Result "1-0"]
[WhiteElo "1871"]
[BlackElo "1841"]
[PlyCount "101"]
[EventDate "2019.09.04"]
[EventType "tourn"]
[EventRounds "5"]
[EventCountry "CAN"]

1. d4 Nf6 2. c4 e6 3. Nf3 Bb4+ 4. Bd2 Qe7 5. a3 Bxd2+ 6. Nbxd2 d6 7. e4 e5 8.
d5 O-O 9. Bd3 b6 10. Nf1 a5 11. Ng3 Bd7 12. b4 axb4 13. axb4 Na6 14. Rb1 Qe8
15. O-O Qc8 16. Qd2 Bg4 17. Nh4 Nb8 18. Nhf5 Bxf5 19. Nxf5 Qd8 20. f4 g6 21.
fxe5 dxe5 22. Qh6 Ne8 23. Rf3 Nd7 24. Rh3 Ndf6 25. g4 gxf5 26. g5 f4 27. Kh1
Kh8 28. Qxf8+ Ng8 29. Qxf7 Ng7 30. Qg6 h5 31. gxh6 Ne8 32. Rg1 Ne7 33. Qe6 Qd6
34. Qf7 Qf6 35. Qh5 Rd8 36. Rg5 Ra8 37. Rxe5 Ra1+ 38. Kg2 Ra2+ 39. Kf3 Nd6 40.
Qg5 Qxg5 41. Rxg5 Ra3 42. Kg4 Nf7 43. Rgh5 Ng6 44. Bf1 Ra1 45. Be2 Kh7 46. Kf5
Nd6+ 47. Ke6 Rc1 48. e5 Nxc4 49. Bd3 b5 50. Bxg6+ Kh8 51. Rf5 1-0

[Event "Mercredi 2019.09.04 ABCD"]
[Site "Montreal CAN"]
[Date "2019.09.04"]
[Round "1"]
[White "Lopez Linares, Lizandro"]
[Black "Pomerantz, Daniel"]
[Result "1/2-1/2"]
[WhiteElo "2196"]
[BlackElo "2158"]
[PlyCount "35"]
[EventDate "2019.09.04"]
[EventType "tourn"]
[EventRounds "5"]
[EventCountry "CAN"]

1. d4 Nf6 2. Nf3 e6 3. g3 b6 4. Bg2 Bb7 5. O-O Be7 6. b3 O-O 7. Bb2 d5 8. Ne5
c5 9. e3 Nc6 10. Nd2 Rc8 11. a4 Re8 12. Qe2 Bf8 13. Rfc1 Qe7 14. c4 Red8 15.
dxc5 Nxe5 16. Bxe5 bxc5 17. a5 Ne4 18. Nxe4 1/2-1/2

[Event "Mercredi 2019.09.04 ABCD"]
[Site "Montreal CAN"]
[Date "2019.09.04"]
[Round "1"]
[White "Nunez, Omar"]
[Black "Gadbois, Patrick"]
[Result "1/2-1/2"]
[WhiteElo "1951"]
[BlackElo "1885"]
[PlyCount "69"]
[EventDate "2019.09.04"]
[EventType "tourn"]
[EventRounds "5"]
[EventCountry "CAN"]

1. Nf3 d5 2. d4 e6 3. Bf4 Nf6 4. e3 c5 5. c3 Nc6 6. Bd3 Bd6 7. Bg3 O-O 8. Nbd2
Qe7 9. Ne5 Bxe5 10. dxe5 Nd7 11. Nf3 f6 12. exf6 Nxf6 13. Ne5 Nxe5 14. Bxe5 Nd7
15. Bg3 e5 16. Qh5 g6 17. Bxg6 hxg6 18. Qxg6+ Qg7 19. Qe6+ Qf7 20. Qd6 d4 21.
O-O dxc3 22. bxc3 Qf6 23. Qd5+ Qf7 24. Qd6 Qf6 25. Qc7 Qd8 26. Bxe5 Qxc7 27.
Bxc7 b6 28. f3 Ba6 29. Rfd1 Nf6 30. Be5 Rae8 31. Bd6 Rf7 32. e4 Nh5 33. Rd5 Nf4
34. Rg5+ Kh7 35. Kf2 1/2-1/2